Responses for Show #1278 - Wednesday, March 7, 1990

Elaine Zollner game 4.

Contestants

[<< previous game]

Bob Malone, an auditor from Yardley, Pennsylvania

Kathleen Merryman Archbold, a features reporter from Tacoma, Washington

Elaine Zollner, a physician from Los Angeles, California (whose 3-day cash winnings total $31,401)

[next game >>]

Jeopardy! Round responses

SCIENCE
WOMEN IN SPORTS
SONGS
VOCABULARY
STATE ANIMALS
A.K.A.
    $100 1
the eye

Elaine
    $100 3
Mary Lou Retton

Elaine
    $100 14
Michael Jackson

Elaine
    $100 8
mum

Elaine
    $100 26
a beaver

Elaine
    $100 20
Bert Lahr

Elaine
    $200 2
H2O

Bob
    $200 7
bodybuilding

Elaine
    $200 15
(Bob: Who is Cupid?)
...
(Alex: Yes, a hit song for The Chordettes many years ago.)

Mr. Sandman

ElaineBob
    $200 9
Transylvania

Bob
    $200 27
the raccoon

Elaine
    $200 21
Oswald

Kathleen
    $300 4
foam rubber

Elaine
    $300 10
the heptathlon

Elaine
    $300 16
"So Long, It's Been Good To Know Yuh"

Triple Stumper
    $300 11
a diorama

Elaine
    $300 28
Wisconsin

Bob
    $300 22
Dame Judith Anderson

Kathleen
    $400 5
a vacuum

Elaine
    $400 19
Pam Shriver

Triple Stumper
    $400 17
"Turn! Turn! Turn!"

Elaine
    $400 12
ferns

Elaine
    $400 29
Colorado

Elaine
    $400 23
Buck Henry

Bob
    $500 6
the atmosphere

Kathleen
    $500 24
Donna de Varona

Bob
    $500 18
"Money For Nothing"

Bob
    $1,000 13
a caper

Elaine
    $500 30
(Kathleen: What is... the)
[Elaine rings in]
(Alex: [To Kathleen] Sorry, you know that's wrong, don't you?)
(Kathleen: Yes, I do.)
(Alex: [To Kathleen] You have gone for [*]; sorry, Elaine, you didn't ring in quickly enough.)
blue whale?)

the sperm whale

Kathleen
Triple Stumper
    $500 25
(Bob: Who is Vivien Leigh?)

Vivian Blaine

Bob
Triple Stumper

Scores at the first commercial break (after clue 15):

Elaine Kathleen Bob
$3,500 $500 $200

Scores at the end of the Jeopardy! Round:

Elaine Kathleen Bob
$4,700 $500 $1,400

Double Jeopardy! Round responses

HISTORY
POETRY
POTENT POTABLES
THE FAR EAST
HOLIDAYS
FAMOUS LAWYERS
    $200 7
Detroit

Bob
    $200 26
the Jabberwock

Kathleen
    $200 1
Mexico

Elaine
    $200 6
2.4. acres

Bob
    $200 12
Veterans Day

Bob
    $200 13
Francis Scott Key

Elaine
    $400 8
Devils Island

Kathleen
    $400 27
The Wreck of the Hesperus

Kathleen
    $400 2
sherry

Elaine
    $400 22
English

Elaine
    $400 18
(Bob: What is Christmas?

Easter

KathleenBob
    $400 14
Melvin Belli

Bob
    $600 9
the Desert Fox

Kathleen
    $600 28
a thing of beauty

Elaine
    $600 3
(Alex: Who looks, right? The animal is [*].)

a cat

Triple Stumper
    $600 23
the Philippines

Elaine
    $1,000 19
Father's Day

Kathleen
    $600 15
F. Lee Bailey

Triple Stumper
    $800 10
Dien Bien Phu

Kathleen
    $1,100 29
Dylan Thomas

Elaine
    $800 4
(Bob: What is champagne?)

Bordeaux

Bob
Triple Stumper
    $800 24
Indonesia

Triple Stumper
    $800 20
Halloween

Triple Stumper
    $800 16
John Dean

Kathleen
    $1000 11
(Bob: What is Belgium?)

the Congo

ElaineBob
    $1000 30
(Elaine: Who is Browning?)

William Shakespeare

Elaine
Triple Stumper
    $1000 5
(Kathleen: What is Jamaica?)

Barbados

Kathleen
Triple Stumper
    $1000 25
the USSR (the Soviet Union)

Triple Stumper
    $1000 21
(Elaine: What is World War I?)

the Civil War

ElaineKathleen
    $1000 17
Mark Lane

Triple Stumper

Scores at the end of the Double Jeopardy! Round:

Elaine Kathleen Bob
$7,200 $5,100 $200

[wagering suggestions for these scores]

Final Jeopardy! Round responses

PLAYS
BobWhat is the Odd Couple?
$200
KathleenWhat is Who's Afraid of Virginia
$4,600
ElaineWhat is Who's Afraid of Virginia Woolf?
$3,001
The Odd Couple

Final scores:

Elaine Kathleen Bob
$4,199 $500 $400
4-day champion: $35,600 2nd place: trip on Hawaiian Air to Honolulu & stay at Turtle Bay Hilton & Country Club 3rd place: Colortyme TV & NES with Family & Junior editions of Jeopardy! & Wheel of Fortune

Game dynamics:

Coryat scores:

Elaine Kathleen Bob
$6,400 $4,700 $200
25 R
(including 2 DDs),
2 W
12 R
(including 1 DD),
2 W
10 R,
5 W

Combined Coryat: $11,300

[game clues] [game scores] [suggest correction]

Game tape date: 1989-10-23
The J! Archive is created by fans, for fans. Scraping, republication, monetization, and malicious use prohibited; this site may use cookies and collect identifying information. See terms. The Jeopardy! game show and all elements thereof, including but not limited to copyright and trademark thereto, are the property of Jeopardy Productions, Inc. and are protected under law. This website is not affiliated with, sponsored by, or operated by Jeopardy Productions, Inc. Join the discussion at JBoard.tv.